000 00553nam a2200229Ia 4500
003 OSt
005 20220924153307.0
006 a|||||r|||| 00| 0
007 ta
008 220923b |||||||| |||| 00| 0 tel d
024 _a347741
037 _cTextual
040 _aARTS
_cARTS
_btel
041 _2tel
_atel
082 _aR3xM95, 35N7
245 0 _aJiddu Krishna Murthi Jeevanadarshamu
260 _c1977
300 _a280p.
_ccm.
650 _aPHILOSOPHY
942 _hR3xM95, 35N7
_cTEXL
_2CC
999 _c473065
_d473065